Freedom of Religion and Belief; a World Report (Record no. 9538)

MARC details
000 -LEADER
fixed length control field 00638nam a2200241 a 4500
020 ## - INTERNATIONAL STANDARD BOOK NUMBER
ISBN 0415784
082 00 - DEWEY DECIMAL CLASSIFICATION NUMBER
Classification number 323
Author Cutter BOY
100 ## - MAIN ENTRY--AUTHOR NAME
Author name Boyle, Kevin
245 ## - TITLE STATEMENT
Title Freedom of Religion and Belief; a World Report
260 ## - PUBLICATION, DISTRIBUTION, ETC. (IMPRINT)
Place of publication London
Name of publisher Routledge Chapman Hall
Year of publication 1997
300 ## - PHYSICAL DESCRIPTION
Number of Pages 475p
500 ## - GENERAL NOTE
General note includes index and biblioraphy
505 2# - FORMATTED CONTENTS NOTE
Formatted contents note Bibliography, Index
650 ## - SUBJECT ADDED ENTRY--TOPICAL TERM
Topical Term Human Rights
650 ## - SUBJECT ADDED ENTRY--TOPICAL TERM
Topical Term Freedom of Religion-World Report
942 ## - ADDED ENTRY ELEMENTS (KOHA)
Koha item type Books
Holdings
Collection code Home library Current library Date acquired Cost, normal purchase price Full call number Accession Number Koha item type
  Henry Martyn Institute Library Henry Martyn Institute Library 04/05/2007 1155.32 323 BOY 017914 Books
                   Copyright © 2026 | Henry Martyn Institute | Hyderabad | TS-500052 | INDIA | Implemented by hmi.edu.in
Hit-Count:

Powered by Koha